El alma de Corea: educación, cultura, filosofía
Na minha lista:
| Autor principal: | |
|---|---|
| Formato: | Livro |
| Idioma: | espanhol |
| Publicado em: |
Buenos Aires
Depalma
1987
|
| coleção: | Obras de Isamel Quiles, 12
|
| Assuntos: | |
| Tags: |
Adicionar Tag
Sem tags, seja o primeiro a adicionar uma tag!
|
MARC
| LEADER | 00000nam a2200000 a 4500 | ||
|---|---|---|---|
| 001 | UCX2965 | ||
| 003 | CL-VaPUC | ||
| 008 | 910910e19870000AG |||||||||||||||||spa|d | ||
| 082 | 0 | 4 | |a 201 |b QUI |2 21 |
| 100 | 0 | |a Quiles, Ismael |e author |9 319090 | |
| 245 | 1 | 3 | |a El alma de Corea: educación, cultura, filosofía |
| 300 | |a 76 p | ||
| 942 | |c BK | ||
| 945 | |d 19910910 00:00:00 | ||
| 260 | |a Buenos Aires |b Depalma |c 1987 | ||
| 650 | 7 | |a FILOSOFIA COREANA |2 CL-VaPUC |9 319091 | |
| 650 | 0 | |a Historia |9 255047 | |
| 651 | 7 | |a COREA |2 CL-VaPUC |9 317315 | |
| 583 | |a last modification |c 19910910 00:00:00 |k Rodrigo Vera | ||
| 490 | 0 | |a Obras de Isamel Quiles, 12 | |
| 999 | |c 223859 |d 223857 | ||
| 952 | |0 0 |1 0 |4 0 |6 201_000000000000000_QUI_1987 |7 0 |8 A |9 220082 |a BIBEDU |b BIBEDU |d 2019-11-15 |i 2887525 |o 201 QUI 1987 |p 2887525 |r 2019-11-15 |w 2019-11-15 |y BK |k FIL | ||
| 952 | |0 0 |1 0 |4 0 |6 201_000000000000000_QUI_1987 |7 0 |8 A |9 220083 |a BIBTEO |b BIBTEO |d 2019-11-15 |i 3094081 |o 201 QUI 1987 |p 3094081 |r 2025-01-17 |w 2019-11-15 |y BK |k ICR | ||